Northernmost Quiz - Statistics

General Stats
  • This quiz has been taken 13 times
  • The average score is 7 of 10
Answer Stats
Northernmost... Answer % Correct
Ocean Arctic
100%
Island Country Iceland
100%
'Stan' Country Kazakhstan
100%
Middle Eastern Country Turkey
100%
Oceanian Country Marshall Islands
92%
Overseas Territory Greenland
77%
Island In Canada Ellesmere Island
69%
Capital In The Southern Hemisphere Quito
38%
Settlement In The World Longyearbyen
23%
City In Argentina Santa Catalina
8%
No matching quizzes found
Score Distribution
Percent of People with Each Score
Percentile by Number Answered
Your Score History
You have not taken this quiz